Por qué los humanos tenemos culturas?: una aproximación a la antropología y la diversidad social

Uloženo v:
Podrobná bibliografie
Hlavní autor: Carrithers, Michael (Autor)
Médium: Kniha
Jazyk:španělština
Vydáno: Madrid Alianza 1995
Edice:Sección Humanidades, 1736
Témata:
Tagy: Přidat tag
Žádné tagy, Buďte první, kdo vytvoří štítek k tomuto záznamu!

MARC

LEADER 00000nam a2200000 a 4500
001 UCI9749
003 CL-VaPUC
008 081204e19950000SP |||||||||||||||||spa|d
020 |a 8420607363 
082 0 4 |a 306  |b CAR  |2 21 
100 0 |a Carrithers, Michael  |e author  |9 533674 
245 1 0 |a Por qué los humanos tenemos culturas?: una aproximación a la antropología y la diversidad social 
300 |a 296 p 
942 |c BK 
945 |d 20081204 00:00:00  |a jtorresc 
260 |a Madrid  |b Alianza  |c 1995 
650 0 |a Antropología social  |9 306264 
650 0 |a Antropología cultural   |9 269905 
650 0 |a Evolución social  |9 260808 
650 0 |a Cultura  |9 269059 
583 |a last modification  |c 20081204 00:00:00  |k Rodrigo Vera 
490 0 |a Sección Humanidades, 1736 
999 |c 332228  |d 332226 
952 |0 0  |1 0  |4 0  |6 306_000000000000000_CAR_1995  |7 0  |8 A  |9 419742  |a BIBEDU  |b BIBEDU  |d 2019-11-22  |i 4502434  |o 306 CAR 1995  |p 4502434  |r 2019-11-22  |w 2019-11-22  |y BK  |k EPE